00323nam a2200109Ia 4500008004000000082001600040100002600056245004400082260005000126300000800176650002900184210210b1971 xxu||||| |||| 00| 0 eng d a032.02 HIND aHINDUSTAN YEAR-BOOK . aHindustan year book and who's who 1971. aCalcutta.bM C Sarkar & Sons Pvt Ltd.,c1971 a160 aYear Book Who's Who 1971